| 000 | 01709nam1a2200349 i 4500 | ||
|---|---|---|---|
| 001 | RU\NLR\bibl\585794 | ||
| 005 | 20241215160424.0 | ||
| 010 |
_a5-7804-0279-5 _95000 |
||
| 035 | _a(NLR Aleph) 000577777 | ||
| 090 |
_a1633124 _c1633124 |
||
| 100 | _a20041220d2004 c y0rusy50 ca | ||
| 101 | 0 | _arus | |
| 102 | _aRU | ||
| 105 | _a||||z ||||| | ||
| 200 | 1 |
_aЮным умникам и умницам _eЗадания по развитию познават. способностей _e[9-10 лет] _eРабочая тетр. _e[В 2 ч.] _fО. Холодова |
|
| 210 |
_aМ. _cРосткн. _cРОСТ _d2004 |
||
| 215 | _d29 | ||
| 225 | 1 | _aПодумаем вместе | |
| 225 | 1 | _aМатематика. Информатика. Логика | |
| 463 | 0 | _1001570614 | |
| 463 | 0 | _1001570601 | |
| 606 | 0 |
_aСпособности у детей _jРуководства, пособия и т.п. _xВоспитание _91669804 _3RU\NLR\auth\661039344 |
|
| 606 | 0 |
_aСпособности у детей _jРабочие тетради для начальной школы _xВоспитание _91669804 _3RU\NLR\auth\661039344 |
|
| 606 | 0 |
_aПознавательные способности у детей _jРуководства, пособия и т.п. для средней школы _91992012 _3RU\NLR\auth\66914644 |
|
| 606 | 0 |
_aДети _jРабочие тетради для начальной школы _xПознавательные способности _92504724 _3RU\NLR\auth\661485294 |
|
| 686 | _aЮ983.724я72 | ||
| 686 | _aЧ421.2,01 | ||
| 700 | 1 |
_aХолодова _bО. _4070 |
|
| 801 | 0 |
_aRU _bNLR _c20041220 _gPSBO |
|
| 801 | 1 |
_aRU _bNLR _c20041220 |
|
| 852 |
_aNLR _j2004-8/2727 |
||
| 942 | _cBOOK | ||